Culture Générale - Série 2539 - Statistiques

Statistiques générales
  • Ce quiz a été pris 162 fois
  • Le résultat moyen est 6 sur 10
Statistiques - réponses
Question Réponse % Correct
Quel autre nom porte le célèbre tableau "La Joconde" ? Mona Lisa
90%
Quelle est la capitale de la Croatie ? Zagreb
89%
Quelle est la capitale de la Lettonie ? Riga
84%
Quelle est la capitale de la Biélorussie ? Minsk
78%
Quelle est la capitale de l'Estonie ? Tallinn
77%
Quelle est la capitale du Liechtenstein ? Vaduz
73%
Quel est le prénom du peintre ayant réalisé "La nuit étoilée" ? voir tableau Vincent
72%
De quelle île le "vocero" est-il un chant funèbre composé en vers ou en prose rythmée ? Corse
39%
Cet insecte est appelé cerf-volant ou grande biche- anagramme de "canule" lucane
35%
Qu'est-ce qu'un chébec ou chebek ? bateau
7%
Aucun quiz correspondant
Distribution des résultats
% des personnes avec chaque résultat
Percentile par nombre de réponses
Votre historique - résultats
Vous n’avez pas pris ce quiz